000 00534nam a22001937a 4500
003 KOHA_MİRAKIL
005 20251112134740.0
008 251112b tu ||||| |||| 00| 0 tur d
020 _a9786257030823
040 _aTR-AnABB
_btur
_cTR-AnABB
041 _atur
082 _a891.23
_bTAG 2021
100 1 _aTagore, Rabindranath,
245 1 0 _aFirari /
_cRabindranath Tagore
260 _aAnkara :
_bDoğu Batı Yayınları,
_c2021
300 _a168 sayfa ;
_c21 cm
650 0 4 _aHint edebiyatı, roman
942 _2ddc
_cBK
999 _c9362
_d9362
900 _bGizem YORULMAZ